000 00845cab a2200289 4500
001 WB3510-55
008 090401t1999 xxu||||| |||| 00| 0 eng d
035 _a(Sirsi) u91976
041 _aeng
245 _aAnd the pylons go marching on
260 _c1999
350 _a0
490 _aTimes
_v6 March 1999, 2:18(1)
520 _aDiscusses the community and environmental objections to building telecommunications masts and powerline pylons.
650 _aCANCER
650 _aELECTROMAGNETIC FIELDS
650 _aHEALTH HAZARDS
650 _aNATIONAL GRID
650 _aOVERHEAD POWER LINES
650 _aPRESSURE GROUPS
650 _aPYLONS
650 _aREVOLT (RURAL ENGLAND VERSUS OVERHEAD LINE TRANSMISSIONS)
650 _aTELECOMMUNICATIONS MASTS
690 _aRURAL PRACTICE
942 _n0
948 _c11/03/1999
999 _c58320
_d58320